Yerbario medicinal mexicano /

Manual de plantas medicinales mexicanas ordenadas alfabéticamente, donde se ofrece una descripción física de cada una, sus propiedades curativas y la forma en que deben ser preparadas para su uso.

Spremljeno u:
Bibliografski detalji
Glavni autor: Martínez, José R. (autor)
Format: Knjiga
Jezik:španjolski
Izdano: México : Editores Mexicanos Unidos, 1989, c1986
Izdanje:8a edición
Serija:(Naturismo)
Teme:
Oznake: Dodaj oznaku
Bez oznaka, Budi prvi tko označuje ovaj zapis!

MARC

LEADER 00000nam^a2200000^a^4500
001 000181983
005 20250521000000.0
009 20260310101950.506
020 |a 968-15-0037-7 
037 |a Acervo ITESO - Biblioteca 
041 |a ESP 
082 |a 615. 320972  |b MAR 
100 |a Martínez, José R.  |e (autor) 
245 1 0 |a Yerbario medicinal mexicano /  |c J.R. Martínez. 
250 |a 8a edición 
264 4 |a México :  |b Editores Mexicanos Unidos,  |c 1989, c1986 
300 |a 221 p. 
336 |a texto  |b txt  |2 rdacontenido 
337 |a sin mediación  |b n  |2 rdamedio 
338 |a volumen  |b nc  |2 rdasoporte 
440 1 |a (Naturismo) 
520 |a Manual de plantas medicinales mexicanas ordenadas alfabéticamente, donde se ofrece una descripción física de cada una, sus propiedades curativas y la forma en que deben ser preparadas para su uso. 
649 |a XX 
650 |a Plantas Medicinales -  |z México -  |x Tema Principal 
650 |a Medicamentos -  |z México 
650 |a Herbolaria -  |z México -  |x Tema Principal 
650 |a Farmacología -  |z México 
650 |a Medicina Naturista -  |z México 
650 |a Medicina Popular -  |z México 
650 |a Medicina Alternativa -  |z México 
910 |a Fondo General 
920 |a Impresos - Libros 
930 |a Colección General 
905 |a 101 
901 |a 0500121787  |b IT1  |c ACC  |u 20250521 
902 |a https://opac.biblio.iteso.mx/vufind/Record/000181983